000 01073nas a2200325 4500
001 BR2017001555
003 BR-BrBNA
005 20231205130951.0
007 ta
008 230509b bl.|||p| |||| 00| 00por d
040 _aBR-BrBNA
_bpor
_cBiblioteca Nacional de Agricultura
041 _a(Pt)
072 _aL60
100 1 _aRodrigues, D. de M.
100 1 _aFerreira, L.O.
100 1 _aSilva, N.R. da
100 1 _aGuimarães, E. dos S.
100 1 _aMartins, I.C.F.
100 1 _aOliveira, F. de A.
245 1 _aDiversidade de artrópodes da fauna edáfica em agroecossistemas de estabelecimento agrícola familiar na Amazônia Oriental
650 _aFAUNA EDÁFICA
650 _aSOLO
650 _aBIODIVERSIDADE
650 _aTAXONOMIA
650 _aPASTAGEM
773 0 _tRevista de Ciências Agrárias (Brazil)
_xISSN 2177-8760
_g(Jan-Mar 2016), v. 59(1) p. 32-38
_wBR2017001555
856 4 0 _uhttps://periodicos.ufra.edu.br/index.php?journal=ajaes page=issue op=archive
909 _a202311
_bLúcia
_c55
_dLúcia Elande
942 _2AGRIS
_n0
_cANA
999 _c252327
_d252327